| 000 | 00415nam a2200145Ia 4500 | ||
|---|---|---|---|
| 008 | 220217s9999||||xx |||||||||||||| ||und|| | ||
| 020 | _a81-7808-312-4 | ||
| 082 | _a004.165 ANT | ||
| 100 | _aAntonakos, James, L | ||
| 245 | 0 | _aIntel microprocessors family hardware and software: princip | |
| 250 | _a3rd | ||
| 260 |
_aPearson education asia _bNew Delhi _c2007 |
||
| 300 | _b375 | ||
| 650 | _aMICROPROCESSOR | ||
| 999 |
_c175043 _d175043 |
||